[Event "VIE-ch Resolution 7th"]
[Site "Bac Giang"]
[Date "2014.12.06"]
[Round "2"]
[White "Nguyen, Manh Truong"]
[Black "Nguyen, Viet Huy"]
[Result "1-0"]
[WhiteElo "2094"]
[BlackElo "1656"]
[PlyCount "93"]
[EventDate "2014.12.05"]
[EventType "swiss"]
[EventRounds "9"]
[EventCountry "VIE"]
[SourceTitle "EXT 2016"]
[Source "ChessBase"]
[SourceDate "2015.10.08"]
[SourceVersion "1"]
[SourceVersionDate "2015.10.08"]
[SourceQuality "1"]

1. b3 e5 2. Bb2 Nc6 3. e3 Nf6 4. Ne2 g6 5. g3 Bg7 6. Bg2 d6 7. d3 Be6 8. Nd2 Qc8 9. h3 0-0 10. g4 Nd7 11. Ng3 a5 12. a3 Rb8 13. Qe2 d5 14. 0-0 f5 15. gxf5 gxf5 16. f4 e4 17. Bxg7 Kxg7 18. c4 exd3 19. Qxd3 dxc4 20. Qc3+ Kh6 21. Nxc4 Rg8 22. Kh2 Qd8 23. e4 fxe4 24. Ne3 Qf6 25. Nxe4 Qxc3 26. Nxc3 Bxb3 27. Nf5+ Kg6 28. Bxc6 bxc6 29. Ne7+ Kf7 30. Nxg8 Rxg8 31. Rg1 Rh8 32. Rg5 Nf6 33. Rag1 Rd8 34. Rg7+ Ke6 35. Rxc7 Rd6 36. Ra7 Rd3 37. Rg3 Rd2+ 38. Rg2 Rd3 39. Re2+ Kf5 40. Rxa5+ Kxf4 41. Rc5 Rd6 42. Rb2 Bf7 43. Rf2+ Ke3 44. Rcf5 Rd3 45. R2f3+ Kd4 46. Rxd3+ Kxd3 47. Rxf6 1-0

[Event "VIE-chT"]
[Site "Ho Chi Minh City"]
[Date "2013.08.21"]
[Round "11"]
[White "Nguyen, Manh Truong"]
[Black "Nguyen, Tan Thinh"]
[Result "1/2-1/2"]
[WhiteElo "2124"]
[BlackElo "1935"]
[PlyCount "81"]
[EventDate "2013.08.14"]
[EventType "team-swiss"]
[EventRounds "11"]
[EventCountry "VIE"]
[SourceTitle "CBM 156 Extra"]
[Source "ChessBase"]
[SourceDate "2013.10.22"]
[SourceVersion "1"]
[SourceVersionDate "2013.10.22"]
[SourceQuality "1"]

1. d4 Nf6 2. Nf3 e6 3. g3 b6 4. Bg2 Bb7 5. 0-0 Be7 6. c3 0-0 7. a4 Qc8 8. Na3 d6 9. h3 Nbd7 10. Kh2 Re8 11. a5 a6 12. axb6 cxb6 13. Ne1 Nf8 14. f3 Qc7 15. e4 Rac8 16. Nd3 Ng6 17. Be3 Bf8 18. Re1 Nd7 19. Qb3 b5 20. h4 Nb6 21. Nf2 Nc4 22. Nxc4 Qxc4 23. Qxc4 Rxc4 24. f4 Ne7 25. g4 Bc8 26. f5 exf5 27. exf5 h5 28. f6 Ng6 29. fxg7 Bxg7 30. gxh5 Nxh4 31. Bf4 Rxe1 32. Rxe1 Nxg2 33. Kxg2 b4 34. h6 Bf6 35. Re3 Kh7 36. Bxd6 bxc3 37. bxc3 Kxh6 38. Ne4 Bb7 39. Kf3 Bxd4 40. cxd4 Rxd4 41. Kf4 1/2-1/2

[Event "VIE-chT"]
[Site "Ho Chi Minh City"]
[Date "2013.08.20"]
[Round "10"]
[White "Dang, Bao Long"]
[Black "Nguyen, Manh Truong"]
[Result "0-1"]
[WhiteElo "1521"]
[BlackElo "2124"]
[PlyCount "68"]
[EventDate "2013.08.14"]
[EventType "team-swiss"]
[EventRounds "11"]
[EventCountry "VIE"]
[SourceTitle "CBM 156 Extra"]
[Source "ChessBase"]
[SourceDate "2013.10.22"]
[SourceVersion "1"]
[SourceVersionDate "2013.10.22"]
[SourceQuality "1"]

1. e4 d6 2. d4 g6 3. f4 Bg7 4. Nf3 e6 5. Bd3 Ne7 6. 0-0 0-0 7. Be3 b6 8. Nbd2 f5 9. e5 Nd5 10. Qe2 Nb4 11. c3 Nxd3 12. Qxd3 Ba6 13. c4 d5 14. b3 h6 15. Qc2 Rf7 16. Rfd1 c6 17. Rac1 Bf8 18. c5 Be2 19. Re1 Bxf3 20. Nxf3 b5 21. b4 a5 22. Bd2 axb4 23. Bxb4 Ra4 24. Rb1 Rfa7 25. a3 Na6 26. Rb2 Be7 27. Reb1 Qa8 28. h3 Nxb4 29. axb4 Ra2 30. Kh2 Kf7 31. g4 R7a3 32. Rxa2 Rxa2 33. Rb2 Ra3 34. Rb3 Qa4 0-1

[Event "VIE-chT"]
[Site "Ho Chi Minh City"]
[Date "2013.08.19"]
[Round "8"]
[White "Nguyen, Manh Truong"]
[Black "Nguyen, Hoang Duc"]
[Result "0-1"]
[WhiteElo "2124"]
[BlackElo "1843"]
[PlyCount "138"]
[EventDate "2013.08.14"]
[EventType "team-swiss"]
[EventRounds "11"]
[EventCountry "VIE"]
[SourceTitle "CBM 156 Extra"]
[Source "ChessBase"]
[SourceDate "2013.10.22"]
[SourceVersion "1"]
[SourceVersionDate "2013.10.22"]
[SourceQuality "1"]

1. Nf3 Nf6 2. g3 g6 3. b3 Bg7 4. Bb2 0-0 5. Bg2 d6 6. 0-0 e5 7. c4 Nc6 8. d3 h6 9. Nbd2 Be6 10. h3 Qd7 11. Kh2 Nh7 12. a3 e4 13. Bxg7 exf3 14. Bxf8 fxg2 15. Rg1 Rxf8 16. g4 f5 17. f3 fxg4 18. hxg4 Bxg4 19. Rxg2 Bh5 20. Qg1 Qe6 21. Kh1 Rf4 22. Rf1 Ng5 23. Rh2 Nd4 24. Ne4 Nxe2 25. Nxg5 hxg5 26. Qg2 Rh4 27. Qxg5 Rxh2+ 28. Kxh2 Qe5+ 29. f4 Qxg5 30. fxg5 Nd4 31. b4 Be2 32. Rc1 Nf3+ 33. Kg3 Nxg5 34. Kf4 Ne6+ 35. Ke3 Bg4 36. d4 Kf7 37. d5 Ng7 38. Kf4 Bf5 39. Kg5 Nh5 40. a4 Nf6 41. a5 Ne4+ 42. Kf4 Kf6 43. c5 g5+ 44. Ke3 dxc5 45. bxc5 Ke5 46. d6 cxd6 47. cxd6 Nxd6 48. Rc5+ Ke6 49. Rc7 a6 50. Rg7 Kf6 51. Rg8 Nc4+ 52. Kd4 Nxa5 53. Rf8+ Kg6 54. Rg8+ Kf6 55. Rf8+ Ke6 56. Re8+ Kd6 57. Rd8+ Bd7 58. Rg8 g4 59. Rg6+ Be6 60. Rg5 b5 61. Kc3 Nc6 62. Kd3 b4 63. Rg7 a5 64. Rb7 a4 65. Kd2 a3 66. Kc2 Bf5+ 67. Kc1 Kc5 68. Rf7 Nd4 69. Ra7 g3 0-1

[Event "VIE-chT"]
[Site "Ho Chi Minh City"]
[Date "2012.09.22"]
[Round "3"]
[White "Nguyen Tan Hoang, Nam"]
[Black "Nguyen, Manh Truong"]
[Result "0-1"]
[WhiteElo "1870"]
[BlackElo "2130"]
[PlyCount "84"]
[EventDate "2012.09.21"]
[EventType "team-tourn"]
[EventRounds "9"]
[EventCountry "VIE"]
[SourceTitle "CBM 150 Extra"]
[Source "ChessBase"]
[SourceDate "2012.10.19"]
[SourceVersion "1"]
[SourceVersionDate "2012.10.19"]
[SourceQuality "1"]

1. d4 d6 2. c4 e5 3. d5 Ne7 4. e4 Nd7 5. Nc3 Ng6 6. Nf3 Be7 7. g3 0-0 8. Bg2 h5 9. h4 Nf6 10. 0-0 Bg4 11. Qd3 Nh7 12. Nh2 Qd7 13. Nxg4 hxg4 14. Nd1 Nf6 15. Ne3 Bd8 16. Rd1 Ne7 17. b3 g6 18. Qe2 Kg7 19. Bb2 Neg8 20. Rf1 Nh6 21. f4 gxf3 22. Qxf3 Be7 23. Bc1 Rh8 24. a3 Raf8 25. Ra2 Rh7 26. Nd1 Qg4 27. Qd3 Nh5 28. Rf3 Qd7 29. Bxh6+ Rxh6 30. Nf2 Bxh4 31. gxh4 Nf4 32. Rxf4 exf4 33. Qd4+ f6 34. Bh3 Qe7 35. Be6 Rxh4 36. Ng4 Rfh8 37. Rg2 c5 38. Qb2 f3 39. Rh2 Rxg4+ 40. Bxg4 Qxe4 41. Rxh8 Qxg4+ 42. Kh2 Qf4+ 0-1

[Event "VIE-ch"]
[Site "Ho Chi Minh City"]
[Date "2009.12.14"]
[Round "6"]
[White "Tong, Thai Hung"]
[Black "Nguyen, Manh Truong"]
[Result "0-1"]
[WhiteElo "2176"]
[BlackElo "2160"]
[PlyCount "60"]
[EventDate "2009.12.10"]
[EventType "swiss"]
[EventRounds "9"]
[EventCountry "VIE"]
[SourceTitle "CBM 133 Extra"]
[Source "ChessBase"]
[SourceDate "2010.01.05"]
[SourceVersion "1"]
[SourceVersionDate "2010.01.05"]
[SourceQuality "1"]

1. d4 d6 2. Bf4 g6 3. c3 Bg7 4. Nf3 Nd7 5. e4 h6 6. Bc4 e6 7. h3 Ne7 8. 0-0 g5 9. Bg3 Ng6 10. Re1 e5 11. Nbd2 Qe7 12. Nf1 h5 13. Ne3 Nb6 14. Bb3 Nf4 15. a4 a5 16. Bc2 Bd7 17. b4 Bf6 18. Qd2 g4 19. hxg4 Bxg4 20. Nh2 Bg5 21. f3 Be6 22. Nhf1 Nc4 23. Qd1 Nxe3 24. Nxe3 h4 25. Bh2 Nh5 26. dxe5 Bxe3+ 27. Rxe3 Qg5 28. Re2 dxe5 29. Rd2 Qe3+ 30. Kf1 Ng3+ 0-1

[Event "VIE-ch"]
[Site "Ho Chi Minh City"]
[Date "2009.12.10"]
[Round "1"]
[White "Tran, Quoc Dung"]
[Black "Nguyen, Manh Truong"]
[Result "1-0"]
[WhiteElo "2196"]
[BlackElo "2160"]
[PlyCount "91"]
[EventDate "2009.12.10"]
[EventType "swiss"]
[EventRounds "9"]
[EventCountry "VIE"]
[SourceTitle "CBM 133 Extra"]
[Source "ChessBase"]
[SourceDate "2010.01.05"]
[SourceVersion "1"]
[SourceVersionDate "2010.01.05"]
[SourceQuality "1"]

1. d4 d6 2. c4 e5 3. Nf3 Nc6 4. Nc3 Bg4 5. d5 Bxf3 6. exf3 Nce7 7. f4 exf4 8. Bxf4 Ng6 9. Bg3 Be7 10. Qb3 Nh6 11. Qxb7 0-0 12. Qb3 Bf6 13. 0-0-0 Bg5+ 14. Kb1 f5 15. f3 f4 16. Bf2 Bf6 17. Qc2 Be5 18. Nb5 Nf5 19. Bd3 Ne3 20. Bxe3 fxe3 21. Bxg6 hxg6 22. Nd4 Bxd4 23. Rxd4 Rf5 24. Re1 Qg5 25. Re4 Qh6 26. h3 Re5 27. Rxe5 dxe5 28. Qe4 Qg5 29. Re2 Qf4 30. Rxe3 Qh2 31. d6 c6 32. Qxe5 Qxg2 33. Rd3 Qf1+ 34. Kc2 Qf2+ 35. Rd2 Qxf3 36. d7 Qf8 37. Qg5 Rd8 38. Qxg6 Qc5 39. Qe8+ Kh7 40. Qe4+ g6 41. Qh4+ Kg7 42. Qd4+ Qxd4 43. Rxd4 Kf6 44. Rd6+ Ke5 45. c5 g5 46. Kc3 1-0

[Event "VIE-chT"]
[Site "Nha Trang"]
[Date "2009.08.27"]
[Round "7"]
[White "Vu, Thien Tram Anh"]
[Black "Nguyen, Manh Truong"]
[Result "0-1"]
[WhiteElo "1637"]
[BlackElo "2160"]
[PlyCount "72"]
[EventDate "2009.08.21"]
[EventType "team-tourn"]
[EventRounds "11"]
[EventCountry "VIE"]
[SourceTitle "CBM 132 Extra"]
[Source "ChessBase"]
[SourceDate "2009.11.03"]
[SourceVersion "1"]
[SourceVersionDate "2009.11.03"]
[SourceQuality "1"]

1. e4 g6 2. d4 Bg7 3. c4 c5 4. d5 e5 5. Nc3 d6 6. Be2 Ne7 7. Nf3 Nd7 8. 0-0 0-0 9. Ne1 f5 10. f3 f4 11. a3 g5 12. b4 Rf6 13. Nd3 b6 14. a4 a5 15. bxc5 bxc5 16. Rb1 Nb8 17. Bd2 Na6 18. Nb5 Nb4 19. Be1 Bd7 20. Nc1 Rh6 21. Rf2 Qe8 22. Bf1 Qh5 23. h3 Kh8 24. Rfb2 Ng8 25. Nd3 Rg6 26. Ra1 Nh6 27. Nxb4 axb4 28. a5 g4 29. hxg4 Nxg4 30. fxg4 Bxg4 31. Qd3 Rh6 32. a6 Qh2+ 33. Kf2 Bf6 34. Qf3 Bxf3 35. Kxf3 Qh5+ 36. Kf2 Bh4+ 0-1

[Event "VIE-chT"]
[Site "Nha Trang"]
[Date "2009.08.24"]
[Round "4"]
[White "Nguyen, Manh Truong"]
[Black "Nguyen, Anh Tuan"]
[Result "0-1"]
[WhiteElo "2160"]
[BlackElo "1987"]
[PlyCount "136"]
[EventDate "2009.08.21"]
[EventType "team-tourn"]
[EventRounds "11"]
[EventCountry "VIE"]
[SourceTitle "CBM 132 Extra"]
[Source "ChessBase"]
[SourceDate "2009.11.03"]
[SourceVersion "1"]
[SourceVersionDate "2009.11.03"]
[SourceQuality "1"]

1. c4 c6 2. Nc3 d5 3. cxd5 cxd5 4. d4 Nc6 5. Nf3 Nf6 6. g3 e6 7. Bg2 Be7 8. 0-0 0-0 9. Ne5 Bd7 10. Be3 Rc8 11. Rc1 a6 12. Nxd7 Nxd7 13. f3 Na5 14. Bf2 Bg5 15. f4 Be7 16. e4 dxe4 17. Nxe4 Nc4 18. b3 Ncb6 19. Nc5 Nxc5 20. dxc5 Nd5 21. Qe2 Qc7 22. Rfd1 Nf6 23. c6 Nd5 24. Bxd5 exd5 25. Rxd5 bxc6 26. Re5 Bf6 27. Re4 a5 28. Qa6 Qd7 29. Qxa5 Ra8 30. Qc5 Rxa2 31. Qxc6 Qd2 32. Qc5 g6 33. Rce1 Qb2 34. Re8 Bg7 35. Rxf8+ Bxf8 36. Re8 Qb1+ 37. Kg2 Qe4+ 38. Rxe4 Bxc5 39. b4 Bxf2 40. g4 Rb2 41. Kf3 Bb6 42. h4 Kg7 43. h5 gxh5 44. gxh5 Kf6 45. Rc4 Rb3+ 46. Kg4 Re3 47. b5 Re6 48. Rc8 Rd6 49. Rc2 h6 50. Re2 Rd5 51. Rb2 Ke6 52. Rc2 f5+ 53. Kf3 Rc5 54. Re2+ Kd5 55. Re8 Bc7 56. Rh8 Rc3+ 57. Ke2 Bxf4 58. b6 Rb3 59. Rd8+ Ke6 60. Rg8 Bg5 61. Rg6+ Ke5 62. Kf2 Kf4 63. Kg2 Kg4 64. Rc6 Rb2+ 65. Kf1 Kxh5 66. Rc5 Kg4 67. Rc6 f4 68. Kg1 Kg3 0-1

[Event "Ho Chi Minh City zt 3.3"]
[Site "Ho Chi Minh City"]
[Date "2009.07.29"]
[Round "9"]
[White "Nguyen, Manh Truong"]
[Black "Nguyen, Hung Cuong"]
[Result "1/2-1/2"]
[WhiteElo "2160"]
[BlackElo "2035"]
[PlyCount "63"]
[EventDate "2009.07.23"]
[EventType "swiss"]
[EventRounds "9"]
[EventCountry "VIE"]
[SourceTitle "CBM 131 Extra"]
[Source "ChessBase"]
[SourceDate "2009.09.03"]
[SourceVersion "2"]
[SourceVersionDate "2009.09.16"]
[SourceQuality "1"]

1. e4 e6 2. d3 d5 3. Nd2 Nf6 4. Ngf3 b6 5. g3 Bb7 6. e5 Nfd7 7. Bg2 c5 8. 0-0 Nc6 9. Re1 Qc7 10. Qe2 g6 11. Nf1 Bg7 12. Bf4 h6 13. h4 g5 14. hxg5 hxg5 15. Bxg5 Ndxe5 16. Nxe5 Bxe5 17. c3 d4 18. c4 Bg7 19. Bf4 e5 20. Qg4 Kf8 21. Bd2 Ne7 22. Bxb7 Qxb7 23. Qe4 Qxe4 24. Rxe4 f5 25. Ree1 Nc6 26. a3 a5 27. b4 axb4 28. axb4 Ke7 29. b5 Nb4 30. Bxb4 cxb4 31. Nd2 Kf6 32. Nb3 1/2-1/2

[Event "Ho Chi Minh City zt 3.3"]
[Site "Ho Chi Minh City"]
[Date "2009.07.23"]
[Round "2"]
[White "Nguyen, Huu Hoang Anh"]
[Black "Nguyen, Manh Truong"]
[Result "0-1"]
[WhiteElo "2086"]
[BlackElo "2160"]
[PlyCount "138"]
[EventDate "2009.07.23"]
[EventType "swiss"]
[EventRounds "9"]
[EventCountry "VIE"]
[SourceTitle "CBM 131 Extra"]
[Source "ChessBase"]
[SourceDate "2009.09.03"]
[SourceVersion "2"]
[SourceVersionDate "2009.09.16"]
[SourceQuality "1"]

1. d4 Nf6 2. c4 g6 3. Nc3 Bg7 4. e4 0-0 5. Be3 d6 6. f3 Nc6 7. Bd3 a6 8. Nge2 Rb8 9. Qd2 Nb4 10. Bb1 b5 11. d5 bxc4 12. a3 Nd3+ 13. Bxd3 cxd3 14. Nc1 a5 15. Nxd3 Ba6 16. Rb1 Nd7 17. Kf2 Rb3 18. Qc2 Rb7 19. Rhd1 Qb8 20. b3 Rc8 21. Ne2 Bxd3 22. Rxd3 c5 23. dxc6 Rbc7 24. Qd2 Ne5 25. Rc3 Nxc6 26. Rc2 a4 27. b4 Na7 28. Rxc7 Rxc7 29. Bxa7 Qxa7+ 30. Kf1 Qb6 31. Rc1 Rxc1+ 32. Qxc1 Bf6 33. g3 Qb5 34. Qc2 e6 35. Kg2 d5 36. exd5 exd5 37. Nf4 Be5 38. Nd3 Bd6 39. Qc8+ Bf8 40. Qc2 Qc4 41. Qxc4 dxc4 42. Ne1 Bg7 43. Kf2 Kf8 44. Ke3 Ke7 45. Ke4 Kd6 46. g4 h5 47. Nc2 Bb2 48. Ke3 Ke7 49. Ke4 Kd6 50. Ne3 c3 51. gxh5 gxh5 52. Kd3 Bc1 53. Nc4+ Ke6 54. Kxc3 Bf4 55. h3 Kf5 56. Kd4 Bb8 57. Ke3 Ba7+ 58. Ke2 Kf4 59. Nd6 Kg3 60. Nxf7 Kxh3 61. Kd3 Kg3 62. Ke4 h4 63. Nh6 h3 64. Ng4 Bb8 65. Ne3 Bd6 66. Nf1+ Kf2 67. Ne3 Bxb4 68. axb4 a3 69. Nc2 a2 0-1

[Event "Ho Chi Minh City zt 3.3"]
[Site "Ho Chi Minh City"]
[Date "2009.07.23"]
[Round "1"]
[White "Nguyen, Manh Truong"]
[Black "Nolte, Rolando"]
[Result "1/2-1/2"]
[WhiteElo "2160"]
[BlackElo "2458"]
[PlyCount "109"]
[EventDate "2009.07.23"]
[EventType "swiss"]
[EventRounds "9"]
[EventCountry "VIE"]
[SourceTitle "CBM 131 Extra"]
[Source "ChessBase"]
[SourceDate "2009.09.03"]
[SourceVersion "2"]
[SourceVersionDate "2009.09.16"]
[SourceQuality "1"]

1. c4 Nf6 2. Nc3 e6 3. g3 d5 4. cxd5 exd5 5. d4 Be7 6. Bg2 0-0 7. Nf3 c6 8. 0-0 a5 9. Ne5 Na6 10. e4 dxe4 11. Nxe4 Nb4 12. Nxf6+ Bxf6 13. Be4 Be6 14. a3 Nd5 15. Re1 Qc7 16. Qc2 g6 17. Bh6 Bg7 18. Bxg7 Kxg7 19. Nd3 Nf6 20. Bg2 Bf5 21. Qc3 Bxd3 22. Qxd3 Rad8 23. Qc3 Qb6 24. Re7 Rfe8 25. Rxe8 Rxe8 26. Bf3 Nd5 27. Bxd5 cxd5 28. b4 axb4 29. axb4 Re2 30. Qc5 Qf6 31. Rf1 Qe6 32. Qc3 Qe4 33. Qc7 Qxd4 34. Qxb7 Rb2 35. b5 Qc5 36. Qb8 d4 37. Qd8 Rxb5 38. Rd1 Rb4 39. h4 Qe5 40. Qa8 Qe2 41. Qa1 Rb2 42. Rf1 h5 43. Qd1 Qe4 44. Re1 Qd5 45. Qd3 Rb3 46. Qe4 Qd6 47. Qe5+ Qxe5 48. Rxe5 Kf6 49. Rd5 Rb4 50. Kg2 Ke6 51. Rd8 Ke5 52. Kf3 Rb3+ 53. Ke2 Rb2+ 54. Kf3 Rb3+ 55. Ke2 1/2-1/2

[Event "ASEAN-ch U20 10th"]
[Site "Hue"]
[Date "2009.06.09"]
[Round "5"]
[White "Nguyen, Manh Truong"]
[Black "Amru, Muhd Tariq"]
[Result "1-0"]
[WhiteElo "2154"]
[BlackElo "2045"]
[PlyCount "117"]
[EventDate "2009.06.07"]
[EventType "swiss"]
[EventRounds "9"]
[EventCountry "VIE"]
[SourceTitle "EXT 2010"]
[Source "ChessBase"]
[SourceDate "2010.11.25"]
[SourceVersion "1"]
[SourceVersionDate "2010.11.25"]
[SourceQuality "1"]

1. c4 e5 2. Nc3 Nf6 3. g3 d5 4. cxd5 Nxd5 5. Bg2 Nb6 6. Nf3 Nc6 7. 0-0 Be7 8. a3 Be6 9. b4 a5 10. b5 Nd4 11. Rb1 f6 12. d3 a4 13. Nd2 Nd5 14. Nxd5 Bxd5 15. Bxd5 Qxd5 16. b6 cxb6 17. Rxb6 Bc5 18. Rb1 0-0 19. e3 Ne6 20. Qf3 Qxd3 21. Rxb7 Bxa3 22. Bxa3 Qxa3 23. Qd5 Ra6 24. Ne4 Rd8 25. Rd7 Qe7 26. Rxd8+ Qxd8 27. Qc4 Qb6 28. Nc5 Qxc5 29. Qxa6 Ng5 30. Qa8+ Kf7 31. h4 Ne6 32. Qxa4 Qd5 33. Qg4 Nf8 34. Rd1 Qe6 35. Qa4 Qe7 36. Qc4+ Qe6 37. Rd5 Kg8 38. Qc5 Qe8 39. Qc7 Qf7 40. Qd8 Qa7 41. Ra5 Qd7 42. Qxd7 Nxd7 43. Ra7 Nf8 44. Kg2 h5 45. Kf3 Kh7 46. Ke4 Kg6 47. Kd5 Nh7 48. Ra8 Kf7 49. Ra7+ Kg6 50. Ke6 Nf8+ 51. Ke7 Nh7 52. Ra6 e4 53. Rb6 Kf5 54. Kf7 g5 55. Kg7 gxh4 56. gxh4 Ng5 57. hxg5 fxg5 58. Kh6 Kg4 59. Rb5 1-0

[Event "Wch U18"]
[Site "Vung Tau"]
[Date "2008.10.22"]
[Round "3"]
[White "Chirila, Ioan Cristian"]
[Black "Nguyen, Manh Truong"]
[Result "1-0"]
[WhiteElo "2462"]
[BlackElo "2187"]
[PlyCount "107"]
[EventDate "2008.10.20"]
[EventType "swiss"]
[EventRounds "11"]
[EventCountry "VIE"]
[SourceTitle "EXT 2009"]
[Source "ChessBase"]
[SourceDate "2008.11.26"]
[SourceVersion "1"]
[SourceVersionDate "2008.11.26"]
[SourceQuality "1"]

1. e4 d6 2. d4 Nf6 3. Nc3 e5 4. Nf3 Nbd7 5. Bc4 Be7 6. 0-0 0-0 7. Re1 c6 8. a4 b6 9. h3 a6 10. Bg5 h6 11. Bxf6 Bxf6 12. d5 c5 13. Ne2 g6 14. Ng3 Bg7 15. Bd3 Nf6 16. Nd2 h5 17. Ngf1 Nh7 18. c3 Ra7 19. b4 Bh6 20. bxc5 bxc5 21. Rb1 Bf4 22. Ne3 h4 23. Nec4 Ng5 24. Nf3 Qf6 25. Nxg5 Qxg5 26. Kh1 Qe7 27. Rb6 Rd8 28. Qe2 g5 29. Reb1 g4 30. hxg4 Qg5 31. Ne3 Bxe3 32. Qxe3 Qxe3 33. fxe3 Bxg4 34. Rxa6 Rxa6 35. Bxa6 f5 36. Bb7 Rb8 37. a5 Be2 38. exf5 h3 39. gxh3 Kf7 40. Kh2 Kf6 41. Rb6 Kxf5 42. Bc6 Rd8 43. a6 Bxa6 44. Rxa6 Ke4 45. Ra8 Rxa8 46. Bxa8 Kxe3 47. h4 Kd3 48. h5 e4 49. Bc6 e3 50. Bb5+ c4 51. Kg2 e2 52. Bxc4+ Kxc4 53. Kf2 Kd3 54. Ke1 1-0

[Event "Wch U18"]
[Site "Vung Tau"]
[Date "2008.10.20"]
[Round "1"]
[White "Klimov, Anton"]
[Black "Nguyen, Manh Truong"]
[Result "1-0"]
[WhiteElo "2451"]
[BlackElo "2187"]
[PlyCount "83"]
[EventDate "2008.10.20"]
[EventType "swiss"]
[EventRounds "11"]
[EventCountry "VIE"]
[SourceTitle "EXT 2009"]
[Source "ChessBase"]
[SourceDate "2008.11.26"]
[SourceVersion "1"]
[SourceVersionDate "2008.11.26"]
[SourceQuality "1"]

1. d4 d6 2. Nf3 g6 3. c4 Bg7 4. Nc3 e5 5. e4 Nc6 6. d5 Nce7 7. Be2 Nf6 8. 0-0 0-0 9. b4 Nh5 10. Re1 h6 11. Nd2 Nf4 12. Bf1 g5 13. c5 Neg6 14. a4 g4 15. g3 Nh5 16. Nc4 Nf6 17. cxd6 cxd6 18. Nb5 Ne8 19. Be3 f5 20. Nxa7 f4 21. Bb6 Qg5 22. Nxc8 Rxc8 23. a5 h5 24. b5 h4 25. a6 bxa6 26. bxa6 hxg3 27. fxg3 fxg3 28. hxg3 Rf3 29. Bf2 Qf6 30. Ra2 Nc7 31. Nb6 Rd8 32. a7 Kh7 33. Bg2 Na8 34. Bxf3 gxf3 35. Nxa8 Rxa8 36. Re3 Bh6 37. Rxf3 Qg7 38. Kh2 Bg5 39. Rb3 Qc7 40. Qh5+ Bh6 41. Be3 Nf4 42. gxf4 1-0

[Event "Vung Tau Dragon Capital op"]
[Site "Vung Tau"]
[Date "2008.08.31"]
[Round "7"]
[White "Dang, Bich Ngoc"]
[Black "Nguyen, Manh Truong"]
[Result "0-1"]
[WhiteElo "2194"]
[BlackElo "2131"]
[PlyCount "116"]
[EventDate "2008.08.27"]
[EventType "swiss"]
[EventRounds "9"]
[EventCountry "VIE"]
[SourceTitle "CBM 126 Extra"]
[Source "ChessBase"]
[SourceDate "2008.11.05"]
[SourceVersion "1"]
[SourceVersionDate "2008.11.05"]
[SourceQuality "1"]

1. c4 d6 2. Nc3 Nc6 3. Nf3 g6 4. g3 Bg7 5. Bg2 e5 6. 0-0 Nge7 7. Rb1 0-0 8. d3 h6 9. b4 a6 10. Nd5 Nxd5 11. cxd5 Ne7 12. Qb3 c6 13. dxc6 bxc6 14. a4 Be6 15. Qc2 Qd7 16. Rd1 Rfc8 17. Ba3 Rab8 18. Nd2 Bd5 19. Bf1 Be6 20. e4 f5 21. d4 exd4 22. Bxa6 Rf8 23. Bd3 f4 24. Nb3 fxg3 25. hxg3 Rf3 26. Nd2 Rf7 27. Nf1 Rbf8 28. Rd2 h5 29. Bc1 Bg4 30. Qa2 Kh8 31. Nh2 Be6 32. Qc2 h4 33. Re2 hxg3 34. fxg3 Be5 35. Bh6 Rg8 36. Nf1 Rh7 37. Rh2 Bh3 38. Bg5 Rh5 39. Bxe7 Qxe7 40. Be2 Rh7 41. Qd3 Rf8 42. Nd2 Qg5 43. Rb3 Be6 44. Rxh7+ Kxh7 45. Ra3 Bxg3 46. Qxg3 Qxd2 47. Qh4+ Kg7 48. Qe7+ Rf7 49. Qxe6 Qxe2 50. Ra1 Qf2+ 51. Kh1 Qh4+ 52. Kg1 Qg5+ 53. Kh1 Qh4+ 54. Kg1 Qg5+ 55. Kh1 Rf4 56. Ra2 Rf1+ 57. Kh2 Qg1+ 58. Kh3 Rf3+ 0-1

[Event "ASEAN-ch9 U18"]
[Site "Da Nang"]
[Date "2008.06.12"]
[Round "6"]
[White "Nguyen, Ngoc Hiep"]
[Black "Nguyen, Manh Truong"]
[Result "1-0"]
[WhiteElo "2033"]
[BlackElo "2141"]
[PlyCount "161"]
[EventDate "2008.06.10"]
[EventType "swiss"]
[EventRounds "9"]
[EventCountry "VIE"]
[SourceTitle "CBM 125 Extra"]
[Source "ChessBase"]
[SourceDate "2008.09.01"]
[SourceVersion "1"]
[SourceVersionDate "2008.09.01"]
[SourceQuality "1"]

1. e4 d6 2. Ne2 Nf6 3. Ng3 e5 4. Be2 g6 5. d3 Be6 6. 0-0 Bg7 7. c3 h5 8. Bf3 h4 9. Ne2 Qd7 10. h3 Bxh3 11. gxh3 Qxh3 12. Bg2 Qd7 13. f3 h3 14. Bh1 h2+ 15. Kf2 Qh3 16. Ke1 Nh5 17. Kd2 Bf6 18. Kc2 g5 19. Be3 Nd7 20. Nd2 0-0-0 21. Rf2 g4 22. Qf1 Qxf1 23. Nxf1 Bh4 24. Rxh2 gxf3 25. Bxf3 Ng7 26. Rxh4 Rxh4 27. Bg5 Rh7 28. Bxd8 Kxd8 29. Nfg3 Rh2 30. Kd2 Ke7 31. Rh1 Rxh1 32. Bxh1 c6 33. Bf3 Nb6 34. Nf1 f5 35. exf5 Nxf5 36. Ne3 Ng7 37. Ng3 Ne8 38. Nef5+ Kd7 39. Nh5 d5 40. Bg4 Kc7 41. b3 a5 42. Nh6 Nd6 43. Nf6 a4 44. Be6 axb3 45. axb3 Na8 46. Nhg4 Nb5 47. Bf5 Kd6 48. Bc8 Kc7 49. Bf5 Kd6 50. Ng8 Nac7 51. N8h6 e4 52. dxe4 dxe4 53. Bxe4 Na7 54. Nf5+ Kc5 55. Ne5 Kb6 56. Nd7+ Ka6 57. Nd6 b5 58. Nc5+ Kb6 59. b4 Na8 60. Ne6 Nc7 61. Nxc7 Kxc7 62. Ne8+ Kd7 63. Ng7 Kc7 64. Kd3 Kb6 65. Kd4 c5+ 66. bxc5+ Ka5 67. Nf5 b4 68. cxb4+ Kxb4 69. Nd6 Ka5 70. Kd5 Ka6 71. Bd3+ Ka5 72. Be2 Kb4 73. Ba6 Ka5 74. Nb5 Kxa6 75. Nxa7 Kxa7 76. Kd6 Kb8 77. Kd7 Ka7 78. c6 Kb6 79. c7 Ka6 80. c8Q+ Ka7 81. Qc6 1-0